[Event "RUS-USA m"]
[Site "Ruschess.com INT"]
[Date "2005.07.10"]
[Round "2"]
[White "Vitiugov, Nikita"]
[Black "Stripunsky, Alexander"]
[Result "1-0"]
[WhiteElo "2519"]
[BlackElo "2565"]
[Annotator "Lutz,C"]
[PlyCount "83"]
[EventDate "2005.07.02"]
[EventType "team"]
[EventRounds "2"]
[EventCountry "RUS"]
[SourceTitle "CBM 109"]
[Source "ChessBase"]
[SourceDate "2005.11.14"]
[SourceVersion "1"]
[SourceVersionDate "2005.11.14"]
[SourceQuality "1"]

1. d4 d5 2. c4 c6 3. Nf3 Nf6 4. Nc3 e6 5. Bg5 h6 6. Bh4 dxc4 7. e4 g5 8. Bg3 b5
9. Be2 Bb7 10. h4 g4 11. Ne5 Rg8 12. O-O Nbd7 13. Nxg4 b4 $6 {This move is
dubious. Black gets the Pe4 and can also swap off the Bg3; but on the other
hand, Black's queenside is destroyed. The critical line appears to be 13...Qb6
or 13....Nxg4 followed by ...Qb6. Dieser Zug ist zweifelhaft. Schwarz bekommt
den Pe4 und kann auch den Bg3 abtauschen, aber andererseits wird der schwarze
Damenflügel zerstört. Kritisch erscheint 13...Qb6 oder 13...Nxg4 nebst ...Qb6.}
(13... Qb6 $5 14. a4 a6 15. Nxf6+ Nxf6 16. Be5 Nd7 17. Bf4 O-O-O 18. axb5 cxb5
19. d5 Nc5 20. Rc1 f5 21. exf5 exd5 22. b4 d4 23. bxc5 Rxg2+ 24. Kh1 Rxf2+ 25.
Bf3 Rxf3 26. cxb6 Rxf1+ 27. Kh2 {0-1 Pavlov,A-Malinin,Y/Gatchina 2001/EXT 2002
(27)}) (13... Nh5 14. e5 Nxg3 15. fxg3 Qb6 (15... h5 $5) 16. a4 a6 (16... Rxg4
$2 17. Bxg4 Nxe5 18. a5 $18) 17. Kh2 h5 18. Nf6+ Nxf6 19. Rxf6 O-O-O 20. Bxh5
Rxd4 21. Qf1 Rh8 22. Bxf7 Bg7 23. Re1 Kb8 24. Rg6 Bxe5 25. Rxe5 Rdxh4+ 26. gxh4
Qd4 {1-0 Wang Yue-Bhat,V/Shanghai 2002/CBM 91 (26)}) (13... Nxg4 14. Bxg4 Qb6
15. a4 (15. Bh5 Nf6 16. Be5 Nd7 17. Bf4 Nf6 18. a4 b4 19. a5 Qd8 20. a6 Bc8 21.
Na4 Bxa6 22. Nc5 Bxc5 23. dxc5 Qxd1 24. Bxd1 Bb5 25. Re1 Nd7 26. Bd6 a5 27. f4
a4 28. g4 a3 29. bxa3 b3 30. Re3 f6 31. e5 Kf7 32. exf6 Nxf6 33. g5 Ra7 34. Kf2
Nd5 35. Bh5+ Rg6 36. Rg3 b2 37. Rag1 Kg7 38. gxh6+ Kxh6 39. Bxg6 Rg7 40. Be5 c3
41. Rg5 Rxg6 42. Rxg6+ Kh7 43. Rg7+ Kh6 44. R7g6+ Kh7 45. Rg8 {1-0 Van Wely,
L-Vallejo Pons,F/Monaco 2004/CBM 99 ext (45)}) 15... a6 (15... a5 16. d5 cxd5
17. Nxb5 Rc8 18. exd5 Nf6 19. d6 Bc6 20. Bf3 Rxg3 21. Qd4 Qxd4 22. Bxc6+ Kd8
23. Nxd4 Rd3 24. Rad1 e5 25. d7 Rc7 26. Nf3 Bd6 27. Bb5 Nxd7 28. Bxc4 Rxd1 29.
Rxd1 Rxc4 30. Rxd6 f6 31. b3 Rc3 32. Nd2 Ke7 33. Ra6 Nc5 34. Rxa5 Nxb3 35. Ra7+
Ke6 36. Ne4 Rc1+ 37. Kh2 f5 38. Ra6+ Kd5 39. Nf6+ Kd4 40. Rd6+ Kc4 41. Nd7 Re1
42. h5 Nd4 43. a5 e4 44. Nb6+ Kd3 45. Nd5 Nb5 46. Nf4+ Kc4 47. Rxh6 Ra1 48.
Rc6+ Kd4 49. h6 {1-0 Mamedyarov,S-Kosteniuk,A/Lausanne 2003/CBM 98 no vc (49)})
16. a5 Qa7 17. d5 cxd5 18. exd5 Nf6 19. Bc7 Nxg4 20. Qe2 Nf6 21. Bb6 Nxd5 22.
Ne4 Qb8 23. f4 Be7 24. Rf2 Nxf4 25. Qf3 f5 {0-1 Sharevich,A-Smeets,J/Hengelo
2005/CBM 107 ext (25)}) 14. Na4 $1 (14. Nxf6+ $6 Nxf6 15. e5 bxc3 16. exf6 Rxg3
(16... cxb2 17. Rb1 c3 18. Qb3 Rxg3 19. Qxb7 Rb8 20. Qxa7 Rg6 21. Bf3 Bd6 22.
Bxc6+ Kf8 23. Be4 Qxf6 24. Qa6 {0-1 Cvitan,O-Pavasovic,D/Pula 2003/CBM 94 ext 
(24)}) 17. fxg3 cxb2 18. Rb1 c3 19. Qd3 Qa5 20. Kh2 O-O-O 21. Qc4 Qb4 22. Qd3
Qxd4 23. Qh7 Bd6 24. Kh3 Qe5 25. Qd3 Bc7 26. Qf3 c5 27. Ba6 Rd5 28. Bxb7+ Kxb7
29. Rfc1 Ba5 30. Kh2 Kc6 31. Qf1 Bb6 32. Rc2 Qd4 33. Qf3 Qd3 34. Qxd3 Rxd3 35.
g4 Bc7+ 36. Kg1 Be5 37. g5 hxg5 38. hxg5 Rg3 39. Kf2 Rxg5 40. Kf3 Rg3+ 41. Ke4
Bxf6 {0-1 Kovalenko,N-Shalimov,V/Kharkov 2003/CBM 93 ext (41)}) 14... Nxe4 15.
Bxc4 {In practice, this position has mainly favoured White. Diese Stellung war
in der Praxis meistens günstig für Weiß.} Nxg3 (15... Qa5 16. Rc1 $5 (16. b3
Nxg3 $6 (16... O-O-O $5 17. Qe2 Nxg3 18. fxg3 Qh5 $1 19. Ne5 Qxe2 20. Bxe2 Nxe5
21. dxe5 Rd2 $15 {Gurevich,M}) 17. fxg3 Rg6 $6 (17... Qh5 $5 {Gurevich,M}) 18.
Qe2 $1 Bg7 $2 19. Rad1 h5 20. Ne3 $40 {1-0 Xu Jun-Gurevich,M/Shenyang 2000/CBM
79/[Gurevich,M] (31)}) 16... O-O-O 17. Bh2 Qf5 18. f3 Nef6 19. Ne3 Qa5 20. Qb3
h5 21. Be2 $16 {1-0 Sakaev,K-Rasmussen,K/Copenhagen 2003/CBM 95 ext (38)}) (
15... h5 16. Ne3 Qa5 (16... Ndf6 17. Be5 Be7 18. Qe2 Qa5 19. Bb3 Kf8 20. Rfc1
$16 {1-0 Quinn,M-Rytshagov,M/Istanbul 2000/EXT 2001 (52)}) 17. Bh2 Ndf6 18. Bb3
Rd8 19. Qc2 Rxd4 20. Rfd1 Rxd1+ 21. Rxd1 Bh6 22. Rd3 Ng4 23. Nc4 Qf5 24. Bc7
Bf4 25. Rf3 e5 26. Nc5 Nh2 27. Rxf4 Qxf4 28. Nxe5 Nf3+ 29. Nxf3 Qxf3 30. Qxe4+
{1-0 Bocharov,D-Lastin,A/Tomsk 2004/CBM 102 (30)}) 16. fxg3 Qe7 $2 (16... Qa5
17. Rxf7 $1 Kxf7 18. Qf3+ Kg7 (18... Ke7 19. Bxe6 $40) 19. Bxe6 Kh8 20. Bxd7
Qxa4 21. Ne5 $16 {Gurevich,M}) (16... h5 $5 $132 {looks better; in order to
divert the knight from attacking f6. sieht besser aus, um den Springer vom
Feld f6 abzulenken.}) 17. Nc5 $1 $16 {And White wins the exchange. So gewinnt
Weiß die Qualität.} O-O-O 18. Nxd7 Rxd7 (18... Qxd7 19. Nf6 Qxd4+ 20. Qxd4 Rxd4
21. Nxg8 Rxc4 22. Rxf7 $18) 19. Ne5 Rg7 20. Nxd7 Qxd7 21. Qd3 {even if White's
pawn structure is destroyed, that is not sufficient compensation for being the
exchange down. Auch wenn die weiße Bauernstruktur zerrüttet ist, so bietet das
doch keinen ausreichenden Ersatz für die Minusqualität.} Bd6 22. Rf3 Kb8 23.
Raf1 Bc7 24. Kh1 Bb6 25. Qe3 Bxd4 26. Qf4+ Ka8 27. Qxf7 $1 $18 {The knockout
punch. Der KO-Schlag.} (27. Qxh6 $18 {also wins, of course, but the text move
simplifies the position. gewinnt natürlich auch, aber der Textzug vereinfacht
die Stellung.}) 27... Rxf7 28. Rxf7 Qc8 29. Rf8 Bxb2 30. Rxc8+ Bxc8 31. g4 a5
32. g5 hxg5 33. hxg5 Ka7 34. g6 Kb6 35. Rf7 a4 36. g7 Bxg7 37. Rxg7 Kc5 38. Rc7
Bd7 39. Rxd7 Kxc4 40. g4 b3 41. axb3+ axb3 42. g5 1-0

[Event "NED-ch51 playoff"]
[Site "Amsterdam"]
[Date "1996.11.15"]
[Round "4"]
[White "Sokolov, Ivan"]
[Black "Timman, Jan H"]
[Result "0-1"]
[WhiteElo "2670"]
[BlackElo "2590"]
[Annotator "Lutz,C"]
[PlyCount "106"]
[EventDate "1996.11.11"]
[EventType "match"]
[EventRounds "4"]
[EventCountry "NED"]
[SourceTitle "CBM 056"]
[Source "ChessBase"]
[SourceDate "1997.02.01"]
[SourceVersion "1"]
[SourceVersionDate "1997.02.01"]
[SourceQuality "1"]

1. d4 d5 2. c4 c6 3. Nc3 Nf6 4. Nf3 e6 5. Bg5 h6 6. Bxf6 Qxf6 7. e3 g6 8. Rc1
Nd7 9. Bd3 dxc4 10. Bxc4 Bg7 11. O-O O-O 12. Qe2 Qe7 13. Rfd1 a6 $1 (13... b6
$6 14. Ba6 $14) 14. Bb3 $6 {[%csl Rb3] Prohylaxe gegen ...b7-b5, aber auf b3
steht der Läufer schlecht.} (14. a3 b6 15. e4 Bb7 16. e5 c5 17. d5 b5 18. Ba2
c4 19. Bb1 exd5 20. Nxd5 Bxd5 21. Rxd5 Rfe8 22. Re1 Rad8 23. Qd2 Nxe5 24. Nxe5
Rxd5 25. Qxd5 Bxe5 $17 {0-1 Van Wely,L-Dreev,A/Wijk 1996 (56)}) (14. e4 b5)
14... b6 $1 (14... b5 $2 15. Ne4 {[%csl Rc5] >< c5}) 15. e4 Bb7 16. Qe3 c5 17.
d5 b5 $5 $15 {Es ist faszinierend, wie schnell Weiß in der Moskauer Variante
schlechter stehen kann. Der Bg7 ist einfach zu stark.} 18. Qf4 c4 19. Qc7 $2 (
19. Bc2 Rac8 $5 20. e5 (20. d6 Qd8 {[%csl Rd6][%cal Yd8b6,Ye6e5] /\ ...e6-e5, .
..Qb6; >< d6}) 20... exd5 21. Nxd5 Bxd5 22. Rxd5 Rc5 {[%csl Re5] >< e5} 23.
Rcd1 Nxe5 $1 24. Nxe5 Bxe5 25. Qxh6 Rxd5 26. Rxd5 Bf4 $19) 19... Qd8 $1 20.
Qxd8 (20. Qxb7 Nc5 21. Qc6 Rc8 $19) 20... Raxd8 $17 {[%cal Yg7b2,Yb7f3] ^^} 21.
dxe6 fxe6 22. Bc2 Nc5 23. Re1 Bc6 24. a3 g5 25. h3 Nd3 26. Bxd3 Rxd3 27. Re2
Rfd8 28. Ne1 Rd2 29. Rc2 R2d7 30. e5 Rd4 31. Nf3 Rf4 32. Re3 Rd7 33. Rce2 Bxf3
34. Rxf3 Rxf3 35. gxf3 Kf7 36. Kg2 Rd4 37. a4 b4 38. Ne4 Bxe5 39. Nc5 Rd5 40.
Nxa6 Bd6 41. Re4 Ra5 42. Nxb4 Bxb4 43. Rxc4 Bd6 44. b3 Ra8 45. h4 Rb8 46. hxg5
hxg5 47. Rc3 Be5 48. Rd3 Rb4 49. Rd7+ Kf6 50. Rd3 Bd4 51. Kg3 e5 52. Kg2 Kf5
53. Kg3 Rb8 0-1

[Event "Metalska Trgovina CC 90"]
[Site "Ljubljana"]
[Date "2002.01.27"]
[Round "8"]
[White "Beliavsky, Alexander G"]
[Black "Sveshnikov, Evgeny"]
[Result "1/2-1/2"]
[WhiteElo "2649"]
[BlackElo "2565"]
[Annotator "Lutz,C"]
[PlyCount "83"]
[EventDate "2002.01.19"]
[EventType "tourn"]
[EventRounds "11"]
[EventCountry "SLO"]
[EventCategory "11"]
[SourceTitle "CBM 088"]
[Source "ChessBase"]
[SourceDate "2002.03.21"]
[SourceVersion "1"]
[SourceVersionDate "2002.03.21"]
[SourceQuality "1"]

1. d4 d5 2. c4 e6 3. Nf3 Nf6 4. Nc3 c6 5. Bg5 h6 6. Bh4 dxc4 7. e4 g5 8. Bg3 b5
9. Be2 Bb7 10. h4 b4 $5 {Diese superscharfe Variante scheint zu Gunsten des
Weißen zu verlaufen.} 11. hxg5 bxc3 12. bxc3 $1 {Das ist das Problem.} (12.
gxf6 $6 {ist schwächer, da die schwarzen Freibauern schnell gefährlich werden:}
cxb2 13. Rb1 Qa5+ 14. Nd2 c3 15. O-O Ba6 $1 $36 {0-1 Atalik,S-Dreev,A/Sarajevo
2001/CBM 84/[Lutz] (29)}) 12... Nxe4 13. Be5 Nxc3 $146 {Auch diese Neuerung
löst die schwarzen Probleme nicht. Ich stütze mich in der Folge auf die
Kommentare von Alexander Beliavsky im Schachinformator 83/427.} ({Nach} 13...
Rh7 {hat Weiß die Auswahl zwischen zwei Zügen:} 14. Qb1 $1 (14. Qc2 $5 Qa5 (
14... c5 $5 15. Rb1 Bc6 16. Bxc4 $44 {Stohl,I}) 15. O-O c5 16. Rab1 Qxc3 17.
Qa4+ Bc6 18. Rxb8+ {1-0 Ivanov,S-Potkin,V/St Petersburg 2000/EXT 2001 (18)})
14... Qa5 15. Nd2 $1 $18 f5 (15... Qxc3 16. O-O {Rogozenko,D}) (15... Nxd2 16.
Qxb7 Qxc3 17. Qc8+ Ke7 18. Bf6+ Kd6 19. Qd8+ Nd7 20. Be5+ Kd5 21. Qxd7+ Ke4 22.
Qxc6+ Kf5 23. Rd1 {Rogozenko,D}) 16. gxf6 c5 17. Nxe4 Bxe4 18. Bh5+ $1 Kd8 19.
Qxe4 Qxc3+ 20. Ke2 Qd3+ 21. Qxd3 cxd3+ 22. Kxd3 $18 {Rogozenko,D-Filipenko,A/
WICC 2002}) 14. Qc2 (14. Qc1 $5 {ist ein Vorschlag von Beliavskys Sekundanten
und Trainingspartner Adrian Mikhalchishin. Eine Variante ist dann} Bb4 15. Kf1
Rg8 16. gxh6 f6 17. h7 Rh8 18. Qh6 $1 fxe5 19. Qg7 $18) 14... Nxe2 15. Kxe2 Nd7
(15... Rg8 16. gxh6 {/\ h7 +- Beliavsky,A} Bxh6 17. Rxh6 Nd7 {sollte auch
angenehm für Weiß sein.}) 16. Bxh8 hxg5 {Schwarz hat als Ersatz für die
Qualität zwei Bauern. Außerdem stehen beide Könige unsicher.} 17. Rh7 (17. Rab1
$5 Ba6 18. Kf1 {/\ Kg1 Beliavsky,A}) 17... g4 (17... c5 18. Kf1 g4 19. Nd2 $16
{Beliavsky,A}) (17... Ba6 $5 18. Kf1 $14 {Beliavsky,A}) 18. Ne5 (18. Nd2 $5 {
Beliavsky,A}) 18... Nxe5 19. Bxe5 Qd5 20. Rb1 $2 ({Hier hatte Weiß eine
überraschende Möglichkeit:} 20. Rah1 $1 {mit der Idee, auf f7 zu schlagen, z.B.
} Qxg2 (20... c5 21. Rxf7 Qe4+ 22. Qxe4 Bxe4 23. Rf4 $16 {Beliavsky,A}) 21.
Rxf7 $1 Qxh1 22. Qg6 $18 {Beliavsky,A}) 20... c5 21. Rxb7 (21. Rxf7 $5 Qe4+ 22.
Qxe4 Bxe4 23. Rbb7 Bxb7 24. Rxb7 cxd4 25. Bxd4 O-O-O 26. Rxa7 Rxd4 27. Ra8+ Kb7
28. Rxf8 c3 $11 {Beliavsky,A}) 21... Qxb7 22. Qa4+ Qd7 23. Qxd7+ Kxd7 24. Rxf7+
Kc6 $15 {Jetzt steht Schwarz etwas besser.} 25. Rc7+ Kd5 26. Rd7+ Kc6 27. Rc7+
Kb6 28. dxc5+ Bxc5 29. Rg7 Rf8 30. Bg3 c3 31. Kd3 Rd8+ 32. Kc2 Rd2+ 33. Kxc3
Rxa2 34. Rxg4 Bxf2 35. Bxf2+ Rxf2 36. Re4 Rf6 37. Re5 Kc6 38. Ra5 Rf7 39. g4
Kd6 40. g5 Rf5 41. Rxa7 Rxg5 42. Kd4 1/2-1/2

[Event "Sanjin Hotel Cup 2nd"]
[Site "Tiayuan"]
[Date "2005.07.18"]
[Round "9"]
[White "Zhang, Zhong"]
[Black "Karjakin, Sergey"]
[Result "1/2-1/2"]
[WhiteElo "2608"]
[BlackElo "2645"]
[Annotator "Lutz,C"]
[PlyCount "52"]
[EventDate "2005.07.09"]
[EventType "tourn"]
[EventRounds "11"]
[EventCountry "CHN"]
[EventCategory "15"]
[SourceTitle "CBM 108"]
[Source "ChessBase"]
[SourceDate "2005.09.26"]
[SourceVersion "1"]
[SourceVersionDate "2005.09.26"]
[SourceQuality "1"]

1. d4 d5 2. c4 c6 3. Nf3 Nf6 4. Nc3 e6 5. Bg5 h6 6. Bh4 dxc4 7. e4 g5 8. Bg3 b5
9. Be2 Bb7 10. Ne5 Nbd7 11. Qc2 Qb6 12. Rd1 Bg7 13. h4 g4 14. O-O Rd8 15. Na4
$5 $146 {So kommt der weiße Springer nach d5, allerdings öffnet sich die
Diagonale des Bg7.} (15. Bf4 c5 16. dxc5 Qxc5 17. Nxg4 Nxg4 18. Bxg4 Ne5 19.
Rxd8+ Kxd8 20. Rd1+ Kc8 21. Be2 Nc6 22. Be3 Nd4 23. Bxd4 Bxd4 24. Nxb5 Bxf2+
25. Kf1 Bxh4 {1/2-1/2 Chuchelov,V-Grischuk,A/Istanbul 2003/CBM 96/[Lutz] (25)})
(15. Qc1 Nh5 16. Nxd7 Rxd7 17. Be5 f6 18. Bxg4 fxe5 19. dxe5 Bxe5 20. Bxh5+ Ke7
21. Rxd7+ Kxd7 22. Kh1 Kc7 23. Bf7 Qc5 24. f4 Bf6 25. Qe1 Qe7 26. Bh5 Bxh4 27.
g3 Bf6 28. e5 Bg7 29. Qe3 Kb8 30. Ne4 Rd8 31. Nd6 Bf8 32. f5 exf5 33. Nxb7 Qxb7
34. Rxf5 Be7 35. Qxh6 Qd7 36. e6 Qd3 37. Rf7 Qxg3 {0-1 Sammalvuo,T-Rytshagov,M/
Jyvaskyla 2000/EXT 2001 (37)}) 15... Qa5 (15... bxa4 $2 16. Nxc4 $18) 16. Nxd7
Nxd7 17. Nc5 (17. Nc3 Qb6) 17... Nxc5 18. dxc5 Rxd1 19. Rxd1 Qxa2 20. Bc7 Qxb2
$5 {Nun ist die Partie forciert remis.} (20... O-O $5 {ist ein Versuch, auf
mehr zu spielen.} 21. e5 Qb3 22. Qd2 (22. Qxb3 cxb3 23. Bxg4 a5 24. f4 Ra8 $1 {
und Schwarz steht zwar momentan sehr passiv, jedoch muss Weiß immer auf die
Bauern am Damenflügel aufpassen. Schwarz steht vermutlich besser, z.B.} (24...
a4 $6 25. Ba5 $1 Rb8 26. Rd7 {nebst Bb4}) 25. Rd7 a4) 22... g3 23. f4 (23. Ra1
gxf2+ 24. Kxf2 Rc8 25. Bd6 c3) 23... f6 24. Bg4 f5 25. Bf3 b4 $13) 21. Rd8+ Ke7
22. Qd1 Qa1 (22... Kf6 {ist kein sinnvoller Gewinnversuch. Weiß kann auch dann
mindestens Dauerschach erzwingen:} 23. e5+ Kg6 24. h5+ Kxh5 25. Rd4 Kg6 26.
Bd3+ cxd3 27. Qxg4+ Kh7 28. Qe4+ Kg8 29. Rd8+ Bf8 30. Qg4+ Kh7 31. Qe4+ $11)
23. Rd7+ Ke8 24. Rd8+ Ke7 25. Rd7+ Ke8 26. Rd8+ Ke7 1/2-1/2

[Event "Ubeda"]
[Site "Ubeda"]
[Date "1997.02.12"]
[Round "4"]
[White "Jussupow, Artur"]
[Black "Akopian, Vladimir Eduardovic"]
[Result "1/2-1/2"]
[WhiteElo "2665"]
[BlackElo "2655"]
[Annotator "Lutz,C"]
[PlyCount "51"]
[EventDate "1997.02.07"]
[EventType "tourn"]
[EventRounds "11"]
[EventCountry "ESP"]
[EventCategory "16"]
[SourceTitle "CBM 058"]
[Source "ChessBase"]
[SourceDate "1997.06.01"]
[SourceVersion "1"]
[SourceVersionDate "1997.06.01"]
[SourceQuality "1"]

1. d4 d5 2. c4 c6 3. Nf3 Nf6 4. Nc3 e6 5. Bg5 h6 6. Bh4 dxc4 7. e4 g5 8. Bg3 b5
9. Be2 Bb4 {Diese Idee wurde noch nicht oft angewandt. Es erscheint anrüchig,
den schwarzfeldrigen Läufer gegen den Nc3 abtauschen zu wollen, aber
andererseits hängt der Pe4.} 10. O-O (10. Qc2 Bb7 11. O-O Qb6 12. a3 Bxc3 $5 {
Konsequent. Schwarz bekommt nun Gegenspiel auf den weißen Feldern.} 13. bxc3 c5
14. e5 Ne4 15. Rfb1 Qc6 16. Bf1 h5 17. h4 $13 {0-1 Milanovic,D-Rajkovic,D/
JUG-chT (Cetinje) 1993 (38)}) (10. Be5 $2 {Das kann es wohl nicht sein.} Nbd7
11. O-O Bb7 12. Bxf6 Nxf6 13. Qc2 g4 14. Ne5 Qxd4 $17 {0-1 Kiese,M-Schoeneich,
M/BL2-N 1993 (25)}) 10... Bxc3 11. bxc3 Nxe4 12. Ne5 {Besser als 12.Qc2.} (12.
Qc2 $6 Nxg3 13. fxg3 Nd7 14. Qe4 Qc7 15. Nd2 Bb7 16. Bh5 O-O-O 17. Rxf7 c5 18.
Qxe6 cxd4 19. Nf3 dxc3 20. Bg4 h5 21. Bf5 Rhe8 22. Qg6 g4 23. Rxd7 Qc5+ 24. Kh1
Kb8 25. Rad1 Qe7 26. Rxe7 Rxd1+ 27. Ng1 Rxe7 28. Bc2 Rd2 {0-1 Utemov,
V-Mukhametov,E/Moscow op 1990}) 12... Nd7 13. Bh5 O-O (13... Nxe5 14. Bxe5 Rf8
15. Qe1 $5 {nebst f2-f4}) 14. Nxf7 $5 {Eine interessante Abwicklung, die durch
den schlafenden schwarzen Damenflügel (Ra8, Bc8) motiviert ist. Weiß plant,
mit f2-f4 den Königsflügel aufzureißen.} Rxf7 15. Bxf7+ Kxf7 16. Qc2 Ndf6 (
16... Nef6 17. f4 g4 18. f5 $40) 17. Be5 {Der Be5 dominiert die beiden
Springer. Die nächsten Züge sind g2-g4 (um ...g5-g4 zu verhindern) und f2-f4.
Schwarz findet nun einen bemerkenswerten Weg zum Gegenspiel.} (17. f4 $2 g4)
17... Qa5 18. Rac1 Qa3 19. g4 $1 {Verlockend war hier 19.f3 :} (19. f4 g4) (19.
f3 Nxc3 $1 (19... Nd6 20. g4 {und f3-f4}) (19... Qxc3 $2 20. fxe4 $18) 20. Qxc3
(20. Bxf6 Kxf6 21. f4 $5 (21. Qxc3 Qxc3 22. Rxc3 b4 $132) 21... g4 22. f5 $5
exf5 23. Qd2 Ne4 24. Qxh6+ Ke7 $17 {ist gut für Schwarz, da Weiß seine Türme
nicht ins Spiel bringen kann, z.B.} 25. Rce1 (25. Qxc6 $2 Qe3+ {mit einem
erstickten Matt.}) 25... Be6 26. Rxe4 fxe4 27. Qg7+ Kd6 28. Qe5+ Kd7 29. Qg7+
Qe7 $19) 20... Qxc3 21. Rxc3 Nd5 22. Rcc1 {Hier fehlt dem Weißen der Schwenk
nach h3.} c3 {mit einer unklaren, aber wohl für Schwarz guten Stellung. Er
droht einfach mit dem Vormarsch seiner Damenflügelbauern, während Weiß keine
richtige Initiative entwickeln kann.}) 19... b4 (19... Qxc3 20. Qxc3 Nxc3 21.
Rxc3 Nd5 {ist hier ungenügend wegen} 22. Rh3 Kg6 23. f4 $40) 20. f4 (20. cxb4
$2 Qf3) 20... Qxc3 21. Qxc3 bxc3 22. fxg5 hxg5 23. Rxf6+ $11 {Hiermit geht die
Partie in ein remisiges Endspiel über. Aufgrund seiner Bauernschwächen ist der
schwarze Materialvorteil unbedeutend.} Nxf6 24. Rf1 c2 25. Rxf6+ Kg8 26. Rf1
1/2-1/2

[Event "RUS-Cup4"]
[Site "Perm"]
[Date "1997.02.11"]
[Round "4"]
[White "Filippov, Valerij"]
[Black "Supatashvili, Khvicha"]
[Result "0-1"]
[WhiteElo "2510"]
[BlackElo "2465"]
[Annotator "Lutz,C"]
[PlyCount "70"]
[EventDate "1997.02.02"]
[EventType "swiss"]
[EventRounds "9"]
[EventCountry "RUS"]
[SourceTitle "CBM 058"]
[Source "ChessBase"]
[SourceDate "1997.06.01"]
[SourceVersion "1"]
[SourceVersionDate "1997.06.01"]
[SourceQuality "1"]

1. Nf3 Nf6 2. c4 c6 3. d4 d5 4. Nc3 e6 5. Bg5 h6 6. Bxf6 Qxf6 7. e3 Nd7 8. Bd3
dxc4 9. Bxc4 g6 10. O-O Bg7 11. Qc2 O-O 12. Bb3 Qe7 13. Rad1 b6 14. e4 Bb7 15.
e5 (15. Rfe1 Rfd8 16. e5 $5 Nf8 17. Qe2 c5 18. d5 exd5 19. Nxd5 Bxd5 20. Bxd5
Rac8 21. Qc4 $36 {1/2-1/2 Chernin,A-Kuczynski,R/EU-chT Debrecen POL-HU1 1992 
(63)}) 15... Rac8 16. Qe2 Ba8 17. Rfe1 Rcd8 18. h4 $6 {Sehr riskant,
vorsichtiger ist 18.Bc2.} (18. Bc2 Rfe8 19. Be4) 18... Rfe8 19. h5 g5 20. Bc2
$2 {Mit diesem Zug kippt die Partie zugunsten von Schwarz.} (20. Ne4 c5 21. Nd6
Bxf3 22. Qxf3 (22. gxf3 Rf8) 22... Rf8 (22... cxd4 $2 23. Nxe8 Nxe5 24. Qg3)
23. Qe4 cxd4 24. Bc2 f5 25. exf6 (25. Qxd4 $5 Nxe5 26. Rxe5 Rxd6 27. Qxd6 Qxd6
28. Rxd6 Bxe5 29. Rxe6 Bxb2 30. Rxh6 $11) 25... Nxf6 26. Qxe6+ Qxe6 27. Rxe6
Nxh5 28. Bb3 $44) 20... c5 21. dxc5 Bxf3 22. gxf3 Nxe5 23. cxb6 axb6 $17 24.
Kg2 Rc8 25. Nb5 Red8 26. b3 Rd7 27. a3 Rxd1 28. Rxd1 Nd7 29. Be4 Nf6 30. Rh1
Qc5 31. b4 Qe5 32. Qd3 g4 33. Bb7 gxf3+ 34. Qxf3 Rc4 35. Rd1 Rg4+ 0-1

[Event "Bundesliga 0001"]
[Site "Germany"]
[Date "2001.03.11"]
[Round "11.5"]
[White "Straeter, Timo"]
[Black "Knaak, Rainer"]
[Result "0-1"]
[WhiteElo "2370"]
[BlackElo "2513"]
[Annotator "Lutz,C"]
[PlyCount "84"]
[EventDate "2000.10.14"]
[EventType "team-tourn"]
[EventRounds "15"]
[EventCountry "GER"]
[SourceTitle "CBM 082"]
[Source "ChessBase"]
[SourceDate "2001.05.17"]
[SourceVersion "1"]
[SourceVersionDate "2001.05.17"]
[SourceQuality "1"]
[WhiteTeam "Wattenscheid"]
[BlackTeam "Werder Bremen"]
[WhiteTeamCountry "GER"]
[BlackTeamCountry "GER"]

1. d4 e6 2. Nf3 d5 3. c4 c6 4. Qc2 Nf6 5. Bg5 h6 6. Bxf6 Qxf6 7. e3 Nd7 8. Nc3
g6 9. cxd5 exd5 10. Bd3 Bd6 {An und für sich hat Schwarz nach dem Abtausch 9.
cxd5 exd5 wenig Probleme. Er hat zwar einen leichten Entwicklungsnachteil,
kann aber auf die Kontrolle der schwarzen Felder pochen.} 11. O-O Qg7 $5 {
Prophylaxe gegen e3-e4} 12. Rab1 a5 13. a3 O-O 14. Na4 Re8 15. Rfe1 Qf8 16. Nd2
f5 17. f4 Nf6 18. Nf3 Be6 19. Ne5 Bf7 20. Nb6 Rad8 21. Qc3 Bc7 22. Qxa5 $5 {
Nun beginnen interessante Komplikationen.} Ra8 23. Qc5 Qxc5 24. dxc5 Ra5 25.
Nxf7 $2 {Tauscht den schlechten Bf7 ab.} (25. Ra1 $1 {mit der Idee b2-b4} Bxe5
(25... Rxc5 26. Ned7 $1 Ng4 27. Nxc5 Bxb6 28. b4) 26. fxe5 Rxe5 27. b4 {
, und Weiß steht wegen des eingesperrten schwarzen Turms auf der a-Linie
besser.}) 25... Kxf7 {Jetzt macht sich der schwarze Trumpf (die Beherrschung
der schwarzen Felder) bemerkbar.} 26. Rbc1 Ng4 27. g3 Nxe3 28. h3 $2 (28. Re2
$142) {[%tqu "De","Wie kann Schwarz auf den schwarzen Feldern zum Erfolg
kommen ?","","","a5c5","",10]} 28... Rxc5 $1 29. Rxc5 Bxb6 30. Rcc1 (30. b4 Nc4
$19) 30... Nd1+ $5 {Schwarz streut erst einmal eine Zugwiederholung ein, da
Weiß sowieso nicht abweichen kann.} (30... Nc2+ $19) 31. Kf1 Ne3+ 32. Kf2 Nc2+
$19 33. Kf1 Nxe1 34. Rxe1 Ra8 35. Kg2 Ra5 36. Kf3 c5 37. g4 c4 38. Bb1 fxg4+
39. hxg4 Rb5 40. f5 Rb3+ 41. Kg2 Rxb2+ 42. Kh1 g5 0-1